000
00318nam a2200133Ia 4500
008
230917s9999||||xx |||||||||||||| ||und||
040
_e
140551
_a
MAIN
041
_a
English
082
_a
954.82 C418S
100
_a
Chellam, V.T.
245
0
_a
Short survey of the history of Tamilnadu
260
_c
231
942
_c
BK
999
_c
204788
_d
204788